000 00606nam a2200229Ia 4500
003 OSt
005 20220924153324.0
006 a|||||r|||| 00| 0
007 ta
008 220923b |||||||| |||| 00| 0 guj d
024 _a347843
037 _cTextual
040 _aARTS
_cARTS
_bguj
041 _2guj
_aguj
082 _aO156,3MSH,1, J5.1-.2
100 _aShah Ratilal Girdharlal
_9228500
245 0 _aMeghnad
260 _c1955
650 _aGUJRATI LITERATURE
942 _hO156,3MSH,1, J5.1-.2
_cTEXL
_2CC
999 _c473127
_d473127